| 000 | 01270nam a22003131i 4500 | ||
|---|---|---|---|
| 001 | bslw10080760 | ||
| 005 | 20240305165656.0 | ||
| 006 | m o d | ||
| 007 | cr un ---uuuua | ||
| 008 | 230819t20222022sp ob 000 0 spa d | ||
| 020 | _a9788411227780 | ||
| 020 |
_a9788411229111 _q(ISBN electrónico) |
||
| 035 | _a38785 | ||
| 040 |
_aUtOrBLW _beng _erda _cUtOrBLW |
||
| 050 | 4 |
_aK1356 _b.A95 2022 |
|
| 082 | 0 | 4 |
_a346.0668 _223 |
| 100 | 1 |
_aArrieta Idiakez, Francisco Javier, _eauthor. |
|
| 245 | 1 | 3 |
_aLa participación de las personas socias y de las personas trabajadoras en las cooperativas para determinar las condiciones de trabajo : _bun análisis desde la perspectiva de la Ley de Cooperativas de Euskadi / _cFrancisco Javier Arrieta Idiakez (profesor titular de Derecho del Trabajo y de la Seguridad Social Universidad de Deusto). |
| 264 | 1 |
_aMadrid : _bDykinson, S.L., _c[2022] |
|
| 264 | 4 | _c©2022 | |
| 300 | _a1 online resource (110 pages) | ||
| 336 |
_atext _btxt _2rdacontent |
||
| 337 |
_acomputer _bc _2rdamedia |
||
| 338 |
_aonline resource _bcr _2rdacarrier |
||
| 504 | _aIncludes bibliographical references. | ||
| 650 | 0 |
_aCooperative societies _xLaw and legislation. |
|
| 856 | 4 | 0 | _uhttps://app.vlex.com/#/sources/38785 |
| 942 | _cRAA | ||
| 999 |
_c173083 _d173083 |
||